000 00430nam a2200157Ia 4500
008 230917s9999||||xx |||||||||||||| ||und||
020 _cRS15
040 _e167503
_aMAIN
041 _aEnglish
082 _a891.432741 TR326P
100 _aठाकरान, रामचन्द्र
245 0 _aपलायन
260 _aदिल्ली
_bशब्द और शब्द
_c1981
300 _a91 p.
942 _cHN
999 _c226028
_d226028